| 000 -LEADER |
| fixed length control field |
01964pam a2200361 a 4500 |
| 001 - CONTROL NUMBER |
| control field |
4980457 |
| 005 - DATE AND TIME OF LATEST TRANSACTION |
| control field |
20240311111854.0 |
| 008 - FIXED-LENGTH DATA ELEMENTS--GENERAL INFORMATION |
| fixed length control field |
980617s1998 ne a b 101 0 eng |
| 010 ## - LIBRARY OF CONGRESS CONTROL NUMBER |
| LC control number |
98028192 |
| 020 ## - INTERNATIONAL STANDARD BOOK NUMBER |
| International Standard Book Number |
0792352017 (alk. paper) |
| 040 ## - CATALOGING SOURCE |
| Original cataloging agency |
DLC |
| Transcribing agency |
DLC |
| Modifying agency |
DLC |
| 050 00 - LIBRARY OF CONGRESS CALL NUMBER |
| Classification number |
RM301.42 |
| Item number |
.S78 1998 |
| 082 00 - DEWEY DECIMAL CLASSIFICATION NUMBER |
| Classification number |
615.19 |
| Author Mark |
STR |
| 245 00 - TITLE STATEMENT |
| Title |
Structure-based drug design : |
| Remainder of title |
experimental and computational approaches / |
| Statement of responsibility, etc. |
edited by Penelope W. Codding. |
| 260 ## - PUBLICATION, DISTRIBUTION, ETC. |
| Place of publication, distribution, etc. |
Dordrecht ; |
| -- |
Boston : |
| Name of publisher, distributor, etc. |
Kluwer Academic Publishers, |
| Date of publication, distribution, etc. |
c1998. |
| 300 ## - PHYSICAL DESCRIPTION |
| Extent |
vii, 289 p. : |
| Other physical details |
ill. ; |
| Dimensions |
25 cm. |
| 490 1# - SERIES STATEMENT |
| Series statement |
NATO ASI series. Series E, Applied sciences ; |
| Volume/sequential designation |
vol. 352 |
| 500 ## - GENERAL NOTE |
| General note |
"Published in cooperation with NATO Scientific Affairs Division." |
| 500 ## - GENERAL NOTE |
| General note |
"Proceedings of the NATO Advanced Study Institute on Experimental and Computational Approaches to Structure-Based Drug Design, Erice, Sicily, Italy, May 9-19, 1996"--T.p. verso. |
| 504 ## - BIBLIOGRAPHY, ETC. NOTE |
| Bibliography, etc. note |
Includes bibliographical references and index. |
| 650 #0 - SUBJECT ADDED ENTRY--TOPICAL TERM |
| Topical term or geographic name entry element |
Drugs |
| General subdivision |
Structure-activity relationships |
| -- |
Congresses. |
| 9 (RLIN) |
122066 |
| 650 #0 - SUBJECT ADDED ENTRY--TOPICAL TERM |
| Topical term or geographic name entry element |
Drugs |
| General subdivision |
Design |
| -- |
Computer simulation |
| -- |
Congresses. |
| 9 (RLIN) |
122067 |
| 650 #0 - SUBJECT ADDED ENTRY--TOPICAL TERM |
| Topical term or geographic name entry element |
X-ray crystallography |
| General subdivision |
Congresses. |
| 9 (RLIN) |
122068 |
| 700 1# - ADDED ENTRY--PERSONAL NAME |
| Personal name |
Codding, Penelope W. |
| 9 (RLIN) |
122069 |
| 710 2# - ADDED ENTRY--CORPORATE NAME |
| Corporate name or jurisdiction name as entry element |
North Atlantic Treaty Organization. |
| Subordinate unit |
Scientific Affairs Division. |
| 9 (RLIN) |
95775 |
| 711 2# - ADDED ENTRY--MEETING NAME |
| Meeting name or jurisdiction name as entry element |
NATO Advanced Study Institute on Experimental and Computational Approaches to Structure-Based Drug Design |
| Date of meeting |
(1996 : |
| Location of meeting |
Erice, Italy) |
| 9 (RLIN) |
122070 |
| 830 #0 - SERIES ADDED ENTRY--UNIFORM TITLE |
| Uniform title |
NATO ASI series. |
| Number of part/section of a work |
Series E, |
| Name of part/section of a work |
Applied sciences ; |
| Volume/sequential designation |
no. 352. |
| 9 (RLIN) |
122071 |
| 856 42 - ELECTRONIC LOCATION AND ACCESS |
| Materials specified |
Publisher description |
| Uniform Resource Identifier |
<a href="http://www.loc.gov/catdir/enhancements/fy0813/98028192-d.html">http://www.loc.gov/catdir/enhancements/fy0813/98028192-d.html</a> |
| 856 41 - ELECTRONIC LOCATION AND ACCESS |
| Materials specified |
Table of contents only |
| Uniform Resource Identifier |
<a href="http://www.loc.gov/catdir/enhancements/fy0813/98028192-t.html">http://www.loc.gov/catdir/enhancements/fy0813/98028192-t.html</a> |
| 906 ## - LOCAL DATA ELEMENT F, LDF (RLIN) |
| a |
7 |
| b |
cbc |
| c |
orignew |
| d |
1 |
| e |
ocip |
| f |
19 |
| g |
y-gencatlg |
| 942 ## - ADDED ENTRY ELEMENTS (KOHA) |
| Source of classification or shelving scheme |
|
| Koha item type |
Book |